000 00678nam a2200169 4500
020 _a978-84-8322-360-4
050 _aTS155 H37318 2007
082 _a658.503 H465de
100 _aHeizer, Jay
245 _aDirección de la producción y de operaciones. Decisiones Estratégicas / Jay Heizer, Barry Render, Yago Moreno López tr.
250 _a8
260 _aMéxico : España, Madrid
300 _axxxix, 571 p. / 26 cm
500 _aIncluye cd-rom.
650 _a1. ADMINISTRACION DE PRODUCCION 2.OPERACIONES INDUSTRIALES
700 _aI.Render, Barry. coaut. II. Yago Moreno López tr.
999 _c26297
_d26297